| 000 | 00816cam a2200229 a 4500 | ||
|---|---|---|---|
| 999 |
_c8409 _d8409 |
||
| 020 | _a9780135063880 (alk. paper) | ||
| 020 | _a0135063884 (alk. paper) | ||
| 050 | 0 | 0 |
_aHF5381.6 _b.An2 |
| 100 | 1 | _aAnderson, Lydia E. | |
| 245 | 1 | 0 |
_aProfessionalism : _bskills for workplace success / _cLydia E. Anderson, Sandra B. Bolt. |
| 250 | _a2nd ed. | ||
| 260 |
_aUpper Saddle River, N.J. : _bPearson Education/Prentice Hall, _cc2011. |
||
| 300 |
_axxiv, 286 p. : _bill. (some col.) ; _c28 cm. |
||
| 500 | _aIncludes index. | ||
| 505 | _aModule 1 Self- Management Module 2 Workplace Basics Module 3 Relationships Module 4 Career Planning Tools | ||
| 650 | 0 | _aVocational qualifications. | |
| 650 | 0 | _aEmployability. | |
| 650 | 0 | _aPerformance. | |
| 650 | 0 | _aLife skills. | |
| 700 | 1 | _aBolt, Sandra B. | |
| 942 | _cBK | ||